| Поле | Инд. | ПП | Название | Значение |
|---|---|---|---|---|
| Тип записи | a | |||
| Библиографический уровень | m | |||
| 001 | Контрольный номер | DU/622305277 | ||
| 005 | Дата корректировки | 20251212125243.9 | ||
| 020 | a | ISBN | 978-617-7528-16-5 | |
| 084 | a | Индекс другой классификации/Индекс ББК | 86.3(5)-503 | |
| 090 | a | Полочн. индекс | 86.3(5)-503 | |
| x | Авторский знак | Р 368 | ||
| 100 | 1_ | a | Автор | Нилсен Б. Ф. |
| q | Полное имя | Нилсен Бент Флемминг | ||
| 100 | 1_ | a | Автор | Бруун М. Б. |
| q | Полное имя | Бруун Метте Б. | ||
| 100 | 1_ | a | Автор | Хоффманн Т. |
| q | Полное имя | Хоффманн Томас | ||
| 100 | 1_ | a | Автор | Сакс У. С. |
| q | Полное имя | Сакс Уильям С. | ||
| 100 | 1_ | a | Автор | Полит К. |
| q | Полное имя | Полит Карин | ||
| 100 | 1_ | a | Автор | Холм Б. |
| q | Полное имя | Холм Бент | ||
| 100 | 1_ | a | Автор | Петерсен Н. Х. |
| q | Полное имя | Петерсен Нильс Хольгер | ||
| 100 | 1_ | a | Автор | Ведель К. |
| q | Полное имя | Ведель Карен | ||
| 100 | 1_ | a | Автор | Прадье Ж.-М. |
| q | Полное имя | Прадье Жан-Мари | ||
| 100 | 1_ | a | Автор | Крейнат Дж. |
| q | Полное имя | Крейнат Дженс | ||
| 240 | 10 | a | Условное заглавие | Religion, Ritual, Theatre |
| 245 | 10 | a | Заглавие | Религия, ритуал, театр |
| c | Ответственность | под редакцией Б. Холма, Н. Х. Петерсена, К. Ведель [и др.] | ||
| b | Продолж. заглавия | перевод с английского | ||
| 260 | b | Издательство | Гуманитарный центр | |
| a | Место издания | Москва | ||
| c | Дата издания | 2018 | ||
| 300 | a | Объем | 256 с. | |
| 336 | a | Термин вида содержания | Текст | |
| 337 | a | Термин типа средства | непосредственный | |
| 541 | 1_ | a | Номер заявки | 8633 |
| b | Заявитель | Хохлова Светлана Павловна | ||
| c | Факультет/Кафедра/Подразделение | Кафедра социологии и гуманитарных наук | ||
| d | Дата заявки | 05.05.2019 | ||
| f | Дисциплина | Культурология История религий Социология религии | ||
| h | Уровень подготовки | Бакалавриат | ||
| n | Количество экземпляров | 2 | ||
| 650 | 04 | a | Основная рубрика | религиоведение |
| 653 | 0_ | a | Ключевые слова | антропология |
| a | Ключевые слова | Ближний Восток | ||
| a | Ключевые слова | восприятие | ||
| a | Ключевые слова | Европа | ||
| a | Ключевые слова | Индия | ||
| a | Ключевые слова | искусство | ||
| a | Ключевые слова | ислам (мусульманство) | ||
| a | Ключевые слова | любовь | ||
| a | Ключевые слова | молитвы | ||
| a | Ключевые слова | монахи | ||
| a | Ключевые слова | протестантизм | ||
| a | Ключевые слова | религиозное мировоззрение | ||
| a | Ключевые слова | религиозные ритуалы | ||
| a | Ключевые слова | ритуализация | ||
| a | Ключевые слова | ритуалы | ||
| a | Ключевые слова | ритуальные танцы | ||
| a | Ключевые слова | танец | ||
| a | Ключевые слова | театральность | ||
| a | Ключевые слова | тело | ||
| a | Ключевые слова | теология | ||
| a | Ключевые слова | этносценология | ||
| a | Ключевые слова | Южная Африка | ||
| 720 | a | Наименование подборки | К семинарам по культурологии | |
| e | Признак/вид подборки | Тематические подборки | ||
| 900 | a | Имя электронного ресурса | obl_religia_ritual_teatr | |
| x | Справочная информация | Обложка | ||
| 901 | t | Тип документа | m | |
| 952 | a | Тип литературы для КСУ ВШ | НАУ |